000
00339nam a2200133Ia 4500
008
260604s9999 xx 000 0 und d
020
_a
9781284231922
082
_a
362.1 HAY
100
_a
Joanna hayden
_9
35748
245
0
_a
Introduction to Health Behavior Theory PB 2023
260
_b
Jones and Bartlett
500
_a
Health
942
_c
BK
999
_c
8575
_d
8575